Transformácia geografického pracoviska na EU a jej pozitíva

Predchodca terajšej Katedry verejnej správy a regionálneho rozvoja Katedra ekonomickej geografie patrila k najstarším pracoviskám Vysokej školy ekonomickej v Bratislave. V počiatkoch sa hospodársko-geografické vedomosti považovali za nevyhnutnú súčasť vzdelania predovšetkým komerčného inžiniera. Tra...

Ausführliche Beschreibung

Gespeichert in:
Bibliographische Detailangaben
1. Verfasser: Mišúnová, Ema
Format: Buchkapitel
Sprache:Slowakisch
Schlagworte:
Tags: Tag hinzufügen
Keine Tags, Fügen Sie das erste Tag hinzu!

MARC

LEADER 00000nla$a2200000$$$4500
001 0073983
005 20240502071858.2
041 0 |a slo 
044 |a SK 
245 1 0 |a Transformácia geografického pracoviska na EU a jej pozitíva  |c Ema Mišúnová 
520 |a Predchodca terajšej Katedry verejnej správy a regionálneho rozvoja Katedra ekonomickej geografie patrila k najstarším pracoviskám Vysokej školy ekonomickej v Bratislave. V počiatkoch sa hospodársko-geografické vedomosti považovali za nevyhnutnú súčasť vzdelania predovšetkým komerčného inžiniera. Transformácia názvu geografického pracoviska. Príčiny transformácie pracoviska a jej pozitíva. Kvantitatívny a kvalitatívny rast počtu učiteľov katedry. Pozitívne stránky transformácie katedry. 
610 2 0 |a odbory študijné 
610 2 0 |a akreditácia 
610 2 0 |a geografia 
610 2 0 |a učitelia 
100 1 |a Mišúnová, Ema